| 000 | 00818cam a22002775a 4500 | ||
|---|---|---|---|
| 001 | 016931368 | ||
| 003 | OSt | ||
| 005 | 20160308151224.0 | ||
| 008 | 141028t2014 moua frb 001 0 eng d | ||
| 020 | _a9780323186964 (pbk.) | ||
| 040 |
_aStDuBDS _beng _cStDuBDS _dEG-ScBUE |
||
| 082 | 0 | 4 |
_a617.643 _222 _bMOS |
| 245 | 0 | 0 |
_aMosby's orthodontic review / _cJeryl D. English ... [et al.] |
| 246 | 3 | 0 | _aOrthodontic review |
| 250 | _a2nd ed. | ||
| 260 |
_aMissouri : _bElsevier / Mosby, _cc.2015. |
||
| 300 |
_axi, 355 p. : _bill. (col.) ; _c28 cm. |
||
| 500 | _aPrevious edition : 2009. | ||
| 500 | _aIndex : p. 341-355. | ||
| 504 | _aIncludes bibliographical references. | ||
| 650 | 0 |
_aOrthodontics. _2BUEsh |
|
| 651 | _2BUEsh | ||
| 653 |
_bDDent _cMarch2016 |
||
| 700 | 1 |
_aEnglish, Jeryl D. _939497 |
|
| 942 | _2ddc | ||
| 999 |
_c21339 _d21311 |
||